| Tag |
First Indicator |
Second Indicator |
Subfields |
| LEADER |
00000cam a2200000 i 4500 |
| 001 |
in00005679921 |
| 005 |
20260205202601.1 |
| 006 |
m o d |
| 007 |
cr |n||||||||| |
| 008 |
160506t20172017flua ob 001 0 eng d |
| 040 |
|
|
|a IDEBK
|b eng
|e rda
|e pn
|c IDEBK
|d OCLCO
|d OCLCQ
|d CRCPR
|d IDEBK
|d OCLCF
|d KNOVL
|d UAB
|d CNCGM
|d PIFBY
|d OTZ
|d OCLCQ
|d CAUOI
|d YDX
|d ERL
|d OCLCQ
|d U3W
|d WYU
|d OCLCO
|d S9I
|d TYFRS
|d OCLCQ
|d AU@
|d UWO
|d K6U
|d VHC
|d OCLCQ
|d SFB
|d OCLCQ
|d OCLCO
|d OCLCL
|
| 019 |
|
|
|a 1000440833
|a 1058680920
|a 1066465533
|a 1105184203
|a 1126772608
|a 1202483442
|a 1303397061
|
| 020 |
|
|
|a 9781498783583
|q (electronic bk.)
|
| 020 |
|
|
|a 1498783589
|q (electronic bk.)
|
| 020 |
|
|
|a 9781523108442
|q (electronic bk.)
|
| 020 |
|
|
|a 1523108444
|q (electronic bk.)
|
| 020 |
|
|
|a 9781315366777
|
| 020 |
|
|
|a 1315366770
|
| 020 |
|
|
|a 9781315330327
|
| 020 |
|
|
|a 1315330326
|
| 020 |
|
|
|a 9781315349350
|q (ePub ebook)
|
| 020 |
|
|
|a 1315349353
|q (ePub ebook)
|
| 020 |
|
|
|z 9781498783576
|q (hbk. ;
|q acid-free paper)
|
| 020 |
|
|
|z 1498783570
|q (hbk. ;
|q acid-free paper)
|
| 024 |
7 |
|
|a 10.1201/9781315366777
|2 doi
|
| 035 |
|
|
|a (OCoLC)962411787
|z (OCoLC)1000440833
|z (OCoLC)1058680920
|z (OCoLC)1066465533
|z (OCoLC)1105184203
|z (OCoLC)1126772608
|z (OCoLC)1202483442
|z (OCoLC)1303397061
|
| 037 |
|
|
|a 967835
|b MIL
|
| 050 |
|
4 |
|a QC760
|b .C358 2017eb
|
| 082 |
0 |
4 |
|a 537.01/51825
|2 23
|
| 049 |
|
|
|a TXAM
|
| 100 |
1 |
|
|a Cardoso, José Roberto,
|e author.
|
| 245 |
1 |
0 |
|a Electromagnetics through the finite element method :
|b a simplified approach using Maxwell's equations /
|c José Roberto Cardoso, Escola Politecnica da Universidade de Sao Paulo.
|
| 264 |
|
1 |
|a Boca Raton :
|b CRC Press, Taylor & Francis Group,
|c [2017]
|
| 264 |
|
4 |
|c ©2017
|
| 300 |
|
|
|a 1 online resource (xiii, 198 pages) :
|b illustrations (some color)
|
| 336 |
|
|
|a text
|b txt
|2 rdacontent
|
| 337 |
|
|
|a computer
|b c
|2 rdamedia
|
| 338 |
|
|
|a online resource
|b cr
|2 rdacarrier
|
| 347 |
|
|
|a data file
|
| 504 |
|
|
|a Includes bibliographical references (pages 191-193) and index.
|
| 588 |
0 |
|
|a Print version record.
|
| 505 |
0 |
|
|a Chapter 1. Steps on finite element method -- Chapter 2. Fundamentals of electromagnetics -- Chapter 3. Maxwelĺs equations -- Chapter 4. Finite element method in static electric and magnetic fields -- Chapter 5. Finite element method for time-dependent electromagnetic fields -- Chapter 6. Finite element method for axisymmetric geometries -- Chapter 7. Finite element method for high frequency -- Chapter 8. The three-dimensional finite element method -- Chapter 9. Results exploitation.
|
| 546 |
|
|
|a English.
|
| 650 |
|
0 |
|a Electromagnetism
|x Mathematics.
|
| 650 |
|
0 |
|a Maxwell equations
|x Numerical solutions.
|
| 650 |
|
0 |
|a Finite element method.
|
| 650 |
|
6 |
|a Équations de Maxwell
|x Solutions numériques.
|
| 650 |
|
6 |
|a Méthode des éléments finis.
|
| 650 |
|
7 |
|a Electromagnetism
|x Mathematics
|2 fast
|
| 650 |
|
7 |
|a Finite element method
|2 fast
|
| 650 |
|
7 |
|a Maxwell equations
|x Numerical solutions
|2 fast
|
| 655 |
|
7 |
|a Electronic books.
|2 local
|
| 710 |
2 |
|
|a Taylor & Francis.
|
| 758 |
|
|
|i has work:
|a Electromagnetics through the finite element method (Text)
|1 https://id.oclc.org/worldcat/entity/E39PCXvMjq9cWHgkmDtfMbhgQV
|4 https://id.oclc.org/worldcat/ontology/hasWork
|
| 776 |
0 |
8 |
|i Print version:
|a Cardoso, José Roberto.
|t Electromagnetics through the finite element method.
|d Boca Raton : CRC Press, Taylor & Francis Group, [2017]
|z 9781498783576
|w (DLC) 2016020302
|w (OCoLC)949669176
|
| 856 |
4 |
0 |
|u http://proxy.library.tamu.edu/login?url=https://www.taylorfrancis.com/books/9781315366777
|z Connect to the full text of this electronic book
|t 0
|
| 936 |
|
|
|a BATCHLOAD
|
| 955 |
|
|
|a Taylor and Francis ENGnetBASE
|
| 994 |
|
|
|a 92
|b TXA
|
| 999 |
f |
f |
|i 9d5a2c2e-e35d-4d57-b9a1-1e0e920f798a
|s c9608ece-4950-4855-b3d2-174c8f03de3c
|t 0
|
| 952 |
f |
f |
|a Texas A&M University
|b College Station
|c Electronic Resources
|s www_evans
|d Available Online
|t 0
|e QC760 .C358 2017eb
|h Library of Congress classification
|
| 998 |
f |
f |
|a QC760 .C358 2017eb
|t 0
|l Available Online
|